| 000 | 00579nam a2200181Ia 4500 | ||
|---|---|---|---|
| 003 | GCL | ||
| 008 | 140319s9999 xx 000 0 ara d | ||
| 020 | _a?350291977 | ||
| 040 |
_aGCL / _cGCL |
||
| 082 | 0 | 4 |
_a813.01 _bا ح |
| 100 | 1 | _aامين بكير | |
| 245 | 1 | 0 |
_aحكايات من دفاتر النسوان / _cامين بكير |
| 260 |
_aالقاهرة : _bمركز الحضارة العربية للاعلام والنشر ، _c2002 |
||
| 300 |
_a125 ص ؛ _c10 سم |
||
| 650 | 0 | 4 | _aالقصص العربية |
| 650 | 0 | 4 | _aالقصص القصيرة |
| 942 |
_2ddc _cBK |
||
| 999 |
_c5280 _d5280 |
||